| 000 | 00650nam a22001697a 4500 | ||
|---|---|---|---|
| 005 | 20090915142051.0 | ||
| 008 | 090915t xxu||||| |||| 00| 0 eng d | ||
| 080 |
_a658.311 _bUNG |
||
| 100 |
_aUngerson, Bernard [ed.] _eed.by _94390 |
||
| 245 | _aRecruitment handbook | ||
| 250 | _a2nd ed. | ||
| 300 | _axxiii, 332p. | ||
| 942 | _cREF | ||
| 260 |
_aEssex _bGower Press _c1975 _94391 |
||
| 500 | _aPt.1 recruiting methods and test procedures. Pt.2. recruitment of particular categories of employees. Bibliog. at the end of each chap | ||
| 952 |
_w2009-09-15 _p00006908 _r2009-09-15 _40 _00 _bUL _10 _o658.311 UNG _d2009-09-15 _70 _2udc _yREF _aUL |
||
| 999 |
_c3619 _d3619 |
||